| 000 | 00718nam a2200241Ia 4500 | ||
|---|---|---|---|
| 003 | OSt | ||
| 005 | 20220923230604.0 | ||
| 006 | a|||||r|||| 00| 0 | ||
| 007 | ta | ||
| 008 | 220922b |||||||| |||| 00| 0 urd d | ||
| 024 | _a283,505 | ||
| 037 | _cTextual | ||
| 040 |
_aARTS _cARTS _burd |
||
| 041 |
_2urd _aurd |
||
| 082 | _aO168,1:gN7, 152N3 | ||
| 100 | _aरज़ा, जाफर | ||
| 245 | 0 |
_aउर्दू - शायरी _b आजादी के बाद |
|
| 246 | _aUrdū - shāyarī: ājādī ke bāda | ||
| 260 | _c1993 | ||
| 650 | _aउर्दू साहित्य | ||
| 942 |
_hO168,1:gN7, 152N3 _cTEXL _2CC |
||
| 999 |
_c385896 _d385896 |
||